Marriage of Strangers / (Record no. 5768)

MARC details
000 -LEADER
fixed length control field 00469nam a22001817a 4500
003 - CONTROL NUMBER IDENTIFIER
control field GBCCL
005 - DATE AND TIME OF LATEST TRANSACTION
control field 20241126110549.0
008 - FIXED-LENGTH DATA ELEMENTS--GENERAL INFORMATION
fixed length control field 180406b ||||| |||| 00| 0 eng d
020 ## - INTERNATIONAL STANDARD BOOK NUMBER
International Standard Book Number 0263741125
040 ## - CATALOGING SOURCE
Transcribing agency gbc
082 ## - DEWEY DECIMAL CLASSIFICATION NUMBER
Classification number 813.54
Item number HAR
100 ## - MAIN ENTRY--PERSONAL NAME
Personal name Hart, Elizabeth
9 (RLIN) 10449
245 ## - TITLE STATEMENT
Title Marriage of Strangers /
Statement of responsibility, etc. Elizabeth Hart
260 ## - PUBLICATION, DISTRIBUTION, ETC.
Name of publisher, distributor, etc. Mills & Boon Ltd.,
Place of publication, distribution, etc. London:
Date of publication, distribution, etc. 1982
300 ## - PHYSICAL DESCRIPTION
Extent 187 p.;
Dimensions 18 cm.
650 ## - SUBJECT ADDED ENTRY--TOPICAL TERM
Topical term or geographic name entry element Fiction
Form subdivision English
9 (RLIN) 10450
942 ## - ADDED ENTRY ELEMENTS (KOHA)
Source of classification or shelving scheme Dewey Decimal Classification
Koha item type Books
Holdings
Withdrawn status Lost status Source of classification or shelving scheme Damaged status Not for loan Home library Current Library Shelving location Date acquired Total checkouts Full call number Barcode Date last seen Copy number Price effective from Koha item type
    Dewey Decimal Classification     GRACE BIBLE COLLEGE GRACE BIBLE COLLEGE General Studies 2018-04-06   813.54 HAR 005723 2025-05-01 c.1 2018-04-06 Books
© Grace Bible College Library 2025